000 00492nam a22001817a 4500
005 20150915145040.0
010 _aENG-113935
020 _c200.00
_a9789350450413
035 _aEN-97467
037 _bDBAD/PUB
_adpl
082 _a881
100 _aRajkumari
245 _aLord I forget /
_cby Rajkumari
260 _aCalcutta
_bWriters Workshop
_c2012
270 _a162/92, Lake Gardens,
_bCalcutta
_e700045
300 _a172p.
_c22cm(Hb)
942 _2ddc
_cEN
_mRAJ
_h881
999 _c96503
_d96503